Cómo hacer presentaciones profesionales (Registro nro. 10350)

Detalles MARC
000 -Cabecera
Campo de control de longitud fija 01130nam a22003737a 4500
005 - Fecha y hora de la última transacción
Campo de control 20251030110029.0
008 - Elementos de longitud fija--Información general
Campo de control de longitud fija 180228b1993 xxu||||| |||| 00| 0 spa d
020 ## - International Standard Book Number
Número Internacional Estándar del Libro (ISBN) 9701002695
041 ## - Idioma
Código de idioma Español
082 ## - Clasificación Decimal Dewey
Número de clasificación 658.456 AR774c
100 ## - Entrada principal--Autor personal
Nombre personal Arredondo, Lani
9 (RLIN) 31549
245 ## - Título propiamente dicho
Título Cómo hacer presentaciones profesionales
260 ## - Pie de imprenta
Lugar de publicación, distribución, etc. México
260 ## - Pie de imprenta
Nombre del editor, distribuidor, etc. McGraw-Hill
260 ## - Pie de imprenta
Fecha de publicación, distribución, etc. 1993
300 ## - Descripción física
Extensión 180 páginas
490 ## - Serie
Título de la Serie Dirección y Administración de Empresas
490 ## - Serie
Título de la Serie Secretariado Ejecutivo
650 ## - Materia general
Temática (materia general) DIRECCIÓN DE REUNIONES
650 ## - Materia general
Temática (materia general) COMUNICACIÓN ORAL
650 ## - Materia general
Temática (materia general) PRINCIPIOS BÁSICOS PARA PRESENTADORES
650 ## - Materia general
Temática (materia general) PRESENTACIONES PROFESIONALES
650 ## - Materia general
Temática (materia general) PREPARACIÓN DE SU MENSAJE
650 ## - Materia general
Temática (materia general) PREPARE EL MATERIAL DE APOYO
650 ## - Materia general
Temática (materia general) SU RELACIÓN CON LA GENTE
650 ## - Materia general
Temática (materia general) EXPRECIONES FACIALES
650 ## - Materia general
Temática (materia general) LO QUE USTED PROYECTA VOCALMENTE
650 ## - Materia general
Temática (materia general) LOS AUDIVISUALES COMO MATERIAL DE APOYO
650 ## - Materia general
Temática (materia general) COMO SUPERAR LA HABILIDAD
650 ## - Materia general
Temática (materia general) RECURSOS PARA ADQUIRIR HABILIDAD
650 ## - Materia general
Temática (materia general) AUDITORIOS
650 ## - Materia general
Temática (materia general) AUDIOVISUALES
942 ## - Punto de acceso adicional KOHA
Tipo de ítem KOHA Libro
Fuente del sistema de clasificación o colocación Dewey Decimal Classification
Existencias
Signatura completa Código de barras Programa Académico Tipo de ítem
658.456 AR774c 1790 Temática General Libro